00329nam a22001097a 4500082001300000100002300013245011400036260001100150300001300161526003700174650000800211 a297bDOG aDogar,Umer Farooq. aTehqeeq key bunyadi awamal wa arkan Quran key nazar meenbBasic charectaristics of research in view of Quran aLahore a143 p. : a0b0c0d297_000000000000000_DOG aMCE